000 00489nam a2200157Ia 4500
008 090124s9999 xx 000 0 und d
082 _b107940
245 _a मराठी साहित्य दर्शन
250 _a1
260 _c1960
300 _a120
630 _a मराठी साहित्य दर्शन
700 _aडांगे चंद्रकुमार
730 _a मराठी साहित्य दर्शन
942 _cBOOK
999 _c154031
_d154031